| 000 | nam a22 7a 4500 | ||
|---|---|---|---|
| 999 |
_c137022 _d137020 |
||
| 005 | 20170929113409.0 | ||
| 008 | 170928b ag ||||| |||| 00| 0 spa d | ||
| 020 | _a9789875990630 | ||
| 050 | 0 | 4 |
_aLC92 .A7 _bK38 2007 |
| 100 | 1 | _aKaufmann, Carolina, | |
| 245 | 1 | 0 |
_aEl fuego, el agua y la historia : _bla dictadura en los escenarios educativos : memorias y desmemorias _c/ Carolina Kaufmann |
| 250 | _a1a ed. | ||
| 260 |
_aBuenos Aires, Argentina : _bLibros del Zorzal, _c2007. |
||
| 300 |
_a134 p. : _bil. ; _c20 cm. |
||
| 490 |
_aFormación Docente Historia _v ;2 |
||
| 650 | 7 |
_2LEMB _aEducación _xAspectos políticos _zArgentina |
|
| 650 |
_aEducación y Estado _zArgentina |
||
| 942 |
_2lcc _cLIB |
||